Songs in Don't Be Dumb - Statistics

General Stats
  • This quiz has been taken 6 times
  • The average score is 11 of 17
Answer Stats
Answer % Correct
DON'T BE DUMB
75%
HELICOPTER
75%
NO TRESPASSING
75%
ORDER OF PROTECTION
75%
PUNK ROCKY
75%
ROBBERY
75%
STAY HERE 4 LIFE
75%
STOP SNITCHING
75%
SWAT TEAM
75%
AIR FORCE (BLACK DEMARCO)
50%
FISH N STEAK (WHAT IT IS)
50%
INTERROGATION (SKIT)
50%
PLAYA
50%
STOLE YA FLOW
50%
THE END
50%
WHISKEY (RELEASE ME)
50%
STFU
25%
No matching quizzes found
Score Distribution
Percent of People with Each Score
Percentile by Number Answered
Your Score History
You have not taken this quiz